نسمات الأسحار في مناقب وكرامات الأولياء والأخيار / (رقم التسجيلة. 86352)

تفاصيل مارك
000 -الفاتح
عناصر البيانات ثابتة الطول 00963cam a2200229 i 4500
005 - تاريخ ووقت آخر معاملة
حقل ضبط 20251207102653.0
008 - عناصر البيانات ثابتة الطول
عناصر البيانات ثابتة الطول 250721s2001 le gr 000 0 ara d
020 ## - الترقيم الدولي المعياري للكتب (ردمك)
الترقيم الدولي المعياري للكتب (ردمك) 2745131788
082 14 - رقم تصنيف ديوي العشري
رقم التصنيف 214.4
رقم المادة ع ل و
100 1# - مدخل رئيسي – اسم شخصي
الاسم الشخصي علوان ، ،
علاقة الشخص بالعمل/ دوره مؤلف.
تواريخ خاصة بالشخص - 936 ه،
245 10 - بيان العنوان
العنوان نسمات الأسحار في مناقب وكرامات الأولياء والأخيار /
بيان المسؤولية تأليف علي بن عطية بن الحسن بن محمد الهيتي المعروف بالشيخ علوان ؛ تحقيق أحمد فريد المزيدي.
250 ## - بيان الطبعة
بيان الطبعة الطبعة الأولى.
264 31 - بيانات النشر، التوزيع…إلخ
مكان النشر، التوزيع...إلخ بيروت :
اسم الناشر، الموزع...إلخ دار الكتب العلمية،
تاريخ النشر، التوزيع...إلخ 2001.
300 ## - الوصف المادي
عدد الوحدات المكونة للوعاء 262 صفحة.
650 17 - مدخل إضافي بالموضوع - مصطلح موضوعي
مصطلح موضوعي أو اسم جغرافي كعنصر مدخل العقيدة الإسلامية.
650 17 - مدخل إضافي بالموضوع - مصطلح موضوعي
مصطلح موضوعي أو اسم جغرافي كعنصر مدخل التصوف الإسلامي.
650 17 - مدخل إضافي بالموضوع - مصطلح موضوعي
مصطلح موضوعي أو اسم جغرافي كعنصر مدخل الأولياء.
653 ## - رأس موضوع – غير مقيد
المصطلح / رأس الموضوع غير المقيد الكرامات
700 1# - مدخل إضافي - اسم شخصي
الاسم الشخصي المزيدي، أحمد فريد
علاقة الشخص بالعمل/ دوره محقق.
942 ## - بيانات إضافية (كوها)
نوع التنصيف Dewey Decimal Classification
نوع المادة (كوها) كتب
المقتنيات
حالة السحب حالة الفقدان مصدر التصنيف حالة التلف غير قابل للإعارة المكتبة الرئيسية المكتبة الحالية موقع الرف تاريخ التزويد الرقم المتسلسل Total Checkouts رقم الإستدعاء الباركود تاريخ آخر ظهور تاريخ الفاتورة نوع المادة (كوها) العملة
    Dewey Decimal Classification   Not For Loan المكتبة المركزية المكتبة المركزية الإعارة 13/07/2004 926641   214.4/علو 926641 28/07/2025 13/07/2004 كتب  
    Dewey Decimal Classification     المكتبة المركزية المكتبة المركزية الإعارة 07/12/2025 630568   214.4 ع ل و PLD630568 07/12/2025 07/12/2025 كتب JOD
Implemented & Customized by: BBB with SCIT (Smart Chains for Information Technology)

Powered by Koha